History Quiz

Random History or Famous Quiz

Multiple Choice: History by Image Quiz Stats

 Plays Quiz Updated Feb 3, 2015

Challenge
Share
Tweet
Score 0/18 Timer 05:00
1 Play Today
% Correct
c. The Moon- Buzz Aldrin, 1969
96.5%
a. Nessie - Ian Wetherell, 1934
96.5%
a. JFK Jr.- Stan Stearns, 1963
95.9%
b. Niagara Falls- Unknown photographer, c.1912
94.8%
b. V-J Day- Alfred Eisenstaedt, 1945
94.6%
a. Normandy- Robert Capa, 1944
94%
c. Tiananmen Sqaure- Stuart Magnum, 1989
92.9%
b. Tenzing Norgay on Mt. Everest- Sir Edmund Hillary, 1953
92%
c. Iwo Jima- Joe Rosenthal, 1945
90.9%
% Correct
c. Martin Luther King Jr.- Joseph Louw, 1968
86.6%
c. Jackie Robinson- Ralph Morse, Life Magazine, 1955
82%
b. Gettysburg, Pennsylvania- David Bachrach Jr., 1863
79.9%
b. Oklahoma City bombing- Charles Porter, 1995
77.9%
b. Afghanistan - National Geographic, 1984
75.7%
b. Nagasaki- Hiromichi Matsuda, 1945
72%
c. Chernobyl- Carl Montgomery, 2005
59.7%
a. Mars- Rover Spirit, 2005
58.2%
a. Rockefeller Center- Charles C. Ebbetts, 1932
28.1%

You're not logged in!

Compare scores with friends on all Sporcle quizzes.
Join for Free
OR
Log In

You Might Also Like...

Show Comments

Extras

Top Quizzes Today


Score Distribution

Your Account Isn't Verified!

In order to create a playlist on Sporcle, you need to verify the email address you used during registration. Go to your Sporcle Settings to finish the process.

Report this User

Report this user for behavior that violates our Community Guidelines.

Details: